The Good lawyer : lawyers' roles and lawyers' ethics /

Bibliographic Details
Other Authors: Luban, David, 1949-
Format: Book
Language:English
Published: Totowa, N.J. : Rowman & Allanheld, 1983.
Series:Maryland studies in public philosophy.
Subjects:

MARC

Tag First Indicator Second Indicator Subfields
LEADER 00000cam a22000001a 4500
001 in00000536331
005 20240221123215.0
008 830728s1983 nju b 001 0 eng
010 |a  83016125  
016 7 |a 010395785  |2 Uk 
019 |a 9830162  |a 1057095736  |a 1064848029  |a 1108891352  |a 1170893854 
020 |a 084767276X 
020 |a 9780847672769 
020 |a 0894767276  |q (invalid but on book) 
020 |a 9780894767272  |q (invalid but on book) 
020 |a 0894767275 
029 1 |a NLGGC  |b 065382900 
029 1 |a NZ1  |b 2567922 
029 1 |a UKMGB  |b 010395785 
035 |a (OCoLC)ocm59720357  
035 |a (OCoLC)59720357  |z (OCoLC)9830162  |z (OCoLC)1057095736  |z (OCoLC)1064848029  |z (OCoLC)1108891352  |z (OCoLC)1170893854 
035 |a (OCoLC)ocm59720357  
037 |c CIP entry 
040 |a DLC  |b eng  |c DLC  |d PGC  |d MUQ  |d NLGGC  |d BTCTA  |d BAKER  |d YDXCP  |d UKV3G  |d OCLCF  |d OCLCO  |d OCLCQ  |d EUQ  |d OCLCQ  |d TXI  |d OCLCQ  |d MM9  |d UKMGB  |d OCLCO  |d OCLCL 
043 |a n-us--- 
050 0 0 |a KF306.A5  |b G66 1983 
082 0 0 |a 174/.3/0973  |2 19 
084 |a KF306.A5.G66  |q UkBrU-I  |2 moys 
245 0 4 |a The Good lawyer :  |b lawyers' roles and lawyers' ethics /  |c edited by David Luban. 
260 |a Totowa, N.J. :  |b Rowman & Allanheld,  |c 1983. 
300 |a viii, 368 pages ;  |c 24 cm. 
336 |a text  |b txt  |2 rdacontent 
337 |a unmediated  |b n  |2 rdamedia 
338 |a volume  |b nc  |2 rdacarrier 
490 1 |a Maryland studies in public philosophy 
500 |a Cataloging based on CIP information. 
504 |a Includes bibliographical references and index. 
505 0 |a Introduction / David Luban -- Roles and morality / Richard Wasserstrom -- Ethics, legal ethics, and the ethics of law / Susan Wolf -- The Division of moral labor and the role of the lawyer / Virginia Held -- The Adversary system excuse / David Luban -- Justifying legal practice in the adversary system / Alan Donagan -- The Zeal of the civil advocate / Murray L. Schwartz -- The adversary system and the practice of law / Robert J. Kutak -- Confidentiality and the lawyer-client relationship / Bruce M. Landesman -- A lawyer's duty to represent clients, repugnant and otherwise / Charles W. Wolfram -- The "New" legal ethics and the administrative law bar / Danial Schwartz -- Professional morality and its dispositions / Bernard Williams -- Does a lawyer's character matter? / Andreas Eshete -- Self-image, integrity, and professional responsibility / Gerald J. Postema -- The moral failure of clinical legal education / Robert Condlin -- The moral value of clinical legal education : a reply to Professor Condlin / Norman Redlich -- The Condlin-Redlich exchange / John M. Ferren. 
650 0 |a Legal ethics  |z United States. 
650 0 |a Practice of law  |z United States. 
650 0 |a Law and ethics. 
650 6 |a Avocats  |x Déontologie  |z États-Unis. 
650 6 |a Droit  |x Pratique  |z États-Unis. 
650 6 |a Droit et morale. 
650 7 |a Law and ethics.  |2 fast  |0 (OCoLC)fst00993904 
650 7 |a Legal ethics.  |2 fast  |0 (OCoLC)fst00995475 
650 7 |a Practice of law.  |2 fast  |0 (OCoLC)fst01074534 
651 7 |a United States.  |2 fast  |0 (OCoLC)fst01204155  |1 https://id.oclc.org/worldcat/entity/E39PBJtxgQXMWqmjMjjwXRHgrq 
650 1 7 |a Advocaten.  |2 gtt 
650 1 7 |a Ethiek.  |2 gtt 
700 1 |a Luban, David,  |d 1949-  |1 https://id.oclc.org/worldcat/entity/E39PBJkp8hqHdr7bJY8r4Vmjmd 
758 |i has work:  |a The Good lawyer (Text)  |1 https://id.oclc.org/worldcat/entity/E39PCFW3B7vbpDmyMgx9QqdytX  |4 https://id.oclc.org/worldcat/ontology/hasWork 
776 0 8 |i Online version:  |t Good lawyer.  |d Totowa, N.J. : Rowman & Allanheld, 1983  |w (OCoLC)756459443 
830 0 |a Maryland studies in public philosophy. 
938 |a Baker & Taylor  |b BKTY  |c 31.50  |d 31.50  |i 0847672778  |n 0000827052  |s active 
938 |a Baker and Taylor  |b BTCP  |n 83016125  |c $39.95 (est.) 
938 |a YBP Library Services  |b YANK  |n 842691 
948 |h HELD BY TXA - 524 OTHER HOLDINGS 
994 |a Z0  |b TXA 
999 f f |s 8ec291ce-261e-326b-a503-3466e4358ebc  |i 06c9ab5d-ba4b-36c1-8021-6057abc13465  |t 0 
952 f f |p ric  |a Texas A&M University  |b Rellis Campus  |c Joint Library Facility  |s JLF  |d Remote Storage  |t 0  |e KF306.A5 G66 1983  |h Library of Congress classification  |i unmediated -- volume  |m A14808166865